O castelo de Faria (Registo nº 1491)

Detalhes MARC
000 -Etiqueta do registo
Cabeçalho 00838nam0a2200277 4500
005 - Identificador da versão
Campo de controlo 20240813121837.0
010 ## - Número internacional normalizado dos livros (ISBN)
Número (ISBN) 9789720727053
021 ## - Número do Depósito Legal
Código do país PT
Número 376523/14
100 ## - Dados gerais de processamento
Dados gerais de processamento 20150315d2014 a y0pory5003 ba
102 ## - Pais de publicação ou produção
País de publicação Portugal
101 0# - Língua de publicação
Língua do texto, banda sonora, etc. Português
215 ## - Descrição física 
Indicação específica da natureza do documento e extensão da espécie 60 [4] p.
Outras indicações físicas il. color
200 1# - Titulo e menção de responsabilidade
Título próprio O castelo de Faria
Informação de outro título e outras narrativas
Primeira menção de responsabilidade Alexandre Herculano
Outras menções de responsabilidade il. Ana Afonso
225 2# - Colecção 
Título próprio da colecção Educação literária
210 ## - Publicação, Distribuição, etc. 
Lugar da edição, distribuição, etc. Porto
Nome do editor, distribuidor, etc. Porto ed.
Data da publicação, distribuição, etc. 2014
300 ## - Notas gerais 
Texto da nota Metas Curriculares
Texto da nota Plano Nacional de Leitura
606 ## - Nome comum usado como assunto
Número de registo de entrada de autoridade 0002010
Palavra de ordem Literatura portuguesa
Subdivisão de assunto Conto
Código do sistema CA
675 ## - Classificação Decimal Universal (CDU)
Notação 821.134.3-34
Edição 3ª ed.
Língua da edição por
702 #1 - Nome de autor-pessoa física (responsabilidade secundária)
Número de registo de entrada de autoridade 0002228
Palavra de ordem Afonso
Outra parte do nome não tomada para palavra de ordem Ana
Código de função Ilustrador / Técnico de desenho computorizado
700 #1 - Nome de autor-pessoa física (responsabilidade principal)
Número de registo de entrada de autoridade 0001540
Palavra de ordem Herculano
Outra parte do nome não tomada para palavra de ordem Alexandre
Datas 1810-1877
966 ## - Identificação da Biblioteca
Sigla EB2,3ENM
942 ## - Elementos de entrada adicionados (Koha)
Tipo de item no Koha Livro
Exemplares
Situação do levantamento Origin of item (home branch) (coded) Biblioteca de empréstimo Código de barras Cota Circulation type (not for loan) Tipo de documento Nota do exemplar Damaged status
  Biblioteca Escolar Eng. Nuno Mergulhão Biblioteca Escolar Eng. Nuno Mergulhão BENM3575 82LP-34 HER MET PNL   Livro Sem mensagem  
  Biblioteca Escolar Eng. Nuno Mergulhão Biblioteca Escolar Eng. Nuno Mergulhão BENM3576 82LP-34 HER MET PNL   Livro Sem mensagem  
  Biblioteca Escolar Eng. Nuno Mergulhão Biblioteca Escolar Eng. Nuno Mergulhão BENM3577 82LP-34 HER MET PNL   Livro Sem mensagem